| 000 | 01175cad a22001935a 4500 | ||
|---|---|---|---|
| 001 | L153419 | ||
| 008 | 110722s2011 xxk f 000 0 eng d | ||
| 035 | _a(Sirsi) u153419 | ||
| 041 | 0 | _aeng | |
| 110 | 2 |
_aRoyal Institution of Chartered Surveyors _94900 |
|
| 245 | 0 | 0 |
_aGoing for "green" _bsustainable building certification statistics Europe _h[electronic resource] |
| 260 |
_aCoventry _bRICS _c2011 |
||
| 520 | _aAim of the survey and subsequent publication launched in Germany in May 2011 was to provide market participants with an objective overview of the state-of-play in the growing market for sustainability certificates. This adapted English language version is designed to make the survey findings available to a wider European RICS membership base. Given the fast-paced nature of this market segment, the group plans to carry out regular updates which will help to monitor future market developments. | ||
| 590 | _aKA | ||
| 651 | 4 | _aEurope | |
| 690 | _aBUILT ENVIRONMENT-SUSTAINABLE CONSTRUCTION | ||
| 856 | 4 | 0 |
_uhttps://www.buildingreen.net/assets/cms/File/NEW/Sustainable%20rating-2011(1).pdf _z View the item free of charge at www.rics.org. |
| 942 | _n0 | ||
| 999 |
_c112508 _d112508 |
||